[Event "Condigne Dutch Open 2018"]
[Site "Dieren"]
[Date "2018.07.28"]
[Round "5"]
[White "De Jong, Migchiel"]
[Black "Bruil, Rembrandt"]
[Result "1-0"]
[WhiteElo "2339"]
[BlackElo "2126"]
[Annotator "NA"]
[PlyCount "81"]
[EventDate "2018.07.24"]
[EventType "swiss"]
[EventCountry "NED"]
[SourceTitle "playchess.com"]
[Source "ChessBase"]
[SourceQuality "1"]
[TimeControl "40/5400+30:1800+30"]

1. e4 {[%emt 0:00:00]} c5 {[%emt 0:00:05]} 2. Nf3 {[%emt 0:00:00]} Nc6 {[%emt 0:00:02]} 3. d4 {[%emt 0:00:03]} cxd4 {[%emt 0:00:04]} 4. Nxd4 {[%emt 0:00:06]} g6 {[%emt 0:00:03]} 5. c4 {[%emt 0:00:24]} Nf6 {[%emt 0:00:05]} 6. Nc3 {[%emt 0:00:15]} Bg7 {[%emt 0:00:35]} 7. Be3 {[%emt 0:00:34]} d6 {[%emt 0:00:27]} 8. Be2 {[%emt 0:00:28]} O-O {[%emt 0:00:13]} 9. O-O {[%emt 0:00:19]} Nxd4 {[%emt 0:02:37]} 10. Bxd4 {[%emt 0:00:08]} Bd7 {[%emt 0:01:30]} 11. Qc2 {[%emt 0:06:18]} a6 {[%emt 0:02:50]} 12. a4 {[%emt 0:01:18]} Qc7 {[%emt 0:10:51]} 13. a5 {[%emt 0:04:46]} Be6 {[%emt 0:00:26]} 14. Bb6 {[%emt 0:05:53]} Qc6 {[%emt 0:01:34]} 15. b3 {[%emt 0:03:25]} Nd7 {[%emt 0:05:33]} 16. Be3 {[%emt 0:00:17]} Rac8 {[%emt 0:00:43]} 17. Rfd1 {[%emt 0:02:42]} Qc7 {[%emt 0:06:12]} 18. Ra2 {[%emt 0:02:11]} f5 {[%emt 0:17:39]} 19. exf5 {[%emt 0:03:34]} Bxf5 {[%emt 0:00:22]} 20. Bd3 {[%emt 0:02:05]} Bxd3 {[%emt 0:12:17]} 21. Qxd3 {[%emt 0:00:25]} Nc5 {[%emt 0:00:16]} 22. Qc2 {[%emt 0:01:07]} e6 {[%emt 0:03:59]} 23. Ne4 {[%emt 0:01:17]} Rcd8 {[%emt 0:04:43]} 24. b4 {[%emt 0:03:27]} Nxe4 {[%emt 0:00:43]} 25. Qxe4 {[%emt 0:00:06]} Qf7 {[%emt 0:01:38]} 26. Rad2 {[%emt 0:05:10]} Qe7 {[%emt 0:11:05]} 27. c5 {[%emt 0:06:26]} dxc5 {[%emt 0:02:27]} 28. Bxc5 {[%emt 0:00:08]} Rxd2 {[%emt 0:00:08]} 29. Rxd2 {[%emt 0:00:08]} Qf6 {[%emt 0:00:31]} 30. g3 {[%emt 0:00:59]} Rf7 {[%emt 0:05:38]} 31. Rd6 {[%emt 0:00:24]} Bf8 {[%emt 0:03:10]} 32. Rxe6 {[%emt 0:01:53]} Qa1+ {[%emt 0:00:03]} 33. Kg2 {[%emt 0:00:50]} Bxc5 {[%emt 0:02:56]} 34. bxc5 {[%emt 0:00:10]} Qxa5 {[%emt 0:00:25]} 35. Re8+ {[%emt 0:00:37]} Kg7 {[%emt 0:00:06]} 36. Qd4+ {[%emt 0:01:44]} Kh6 {[%emt 0:00:17]} 37. Rg8 {[%emt 0:01:36]} Kg5 {[%emt 0:02:33]} 38. h4+ {[%emt 0:00:33]} Kh5 {[%emt 0:01:34]} 39. Qd1+ {[%emt 0:00:16]} Kh6 {[%emt 0:00:02]} 40. Qc1+ {[%emt 0:00:12]} Kh5 {[%emt 0:30:06]} 41. Qg5# {[%emt 0:30:13]} 1-0

[Event "Condigne Dutch Open 2018"]
[Site "Dieren"]
[Date "2018.07.28"]
[Round "5"]
[White "Saravanan, V.."]
[Black "Melde, Benjamin"]
[Result "1-0"]
[WhiteElo "2326"]
[BlackElo "2108"]
[Annotator "NA"]
[PlyCount "109"]
[EventDate "2018.07.24"]
[EventType "swiss"]
[EventCountry "NED"]
[SourceTitle "playchess.com"]
[Source "ChessBase"]
[SourceQuality "1"]
[TimeControl "40/5400+30:1800+30"]

1. d4 {[%emt 0:00:00]} Nf6 {[%emt 0:00:27]} 2. c4 {[%emt 0:00:00]} g6 {[%emt 0:00:41]} 3. Nc3 {[%emt 0:00:00]} Bg7 {[%emt 0:00:16]} 4. e4 {[%emt 0:00:00]} O-O {[%emt 0:00:19]} 5. Nf3 {[%emt 0:00:00]} d6 {[%emt 0:00:07]} 6. Be2 {[%emt 0:00:01]} e5 {[%emt 0:00:05]} 7. Be3 {[%emt 0:00:05]} c6 {[%emt 0:00:51]} 8. d5 {[%emt 0:01:07]} Ng4 {[%emt 0:00:12]} 9. Bg5 {[%emt 0:00:09]} f6 {[%emt 0:00:06]} 10. Bh4 {[%emt 0:00:07]} h5 {[%emt 0:00:05]} 11. Nd2 {[%emt 0:07:25]} Nh6 {[%emt 0:00:11]} 12. f3 {[%emt 0:04:10]} c5 {[%emt 0:01:01]} 13. a3 {[%emt 0:07:17]} Na6 {[%emt 0:03:35]} 14. Rb1 {[%emt 0:00:06]} b6 {[%emt 0:01:27]} 15. b4 {[%emt 0:02:55]} Nf7 {[%emt 0:05:26]} 16. Bd3 {[%emt 0:09:12]} Bh6 {[%emt 0:02:31]} 17. Qe2 {[%emt 0:01:52]} Bd7 {[%emt 0:09:03]} 18. Bc2 {[%emt 0:15:26]} Qe8 {[%emt 0:23:52]} 19. Bxf6 {[%emt 0:08:12]} Ng5 {[%emt 0:00:53]} 20. Bxg5 {[%emt 0:00:11]} Bxg5 {[%emt 0:00:07]} 21. Nb5 {[%emt 0:08:53]} Qe7 {[%emt 0:08:46]} 22. Ba4 {[%emt 0:02:26]} Rad8 {[%emt 0:03:25]} 23. Nc3 {[%emt 0:02:44]} Bc8 {[%emt 0:00:25]} 24. Bb5 {[%emt 0:07:29]} Bh6 {[%emt 0:10:35]} 25. Kd1 {[%emt 0:05:39]} Qg5 {[%emt 0:07:43]} 26. Kc2 {[%emt 0:00:13]} Nc7 {[%emt 0:13:57]} 27. bxc5 {[%emt 0:01:30]} bxc5 {[%emt 0:00:06]} 28. Nb3 {[%emt 0:00:28]} Nxb5 {[%emt 0:01:05]} 29. Nxb5 {[%emt 0:00:22]} Rf7 {[%emt 0:02:54]} 30. Na5 {[%emt 0:00:19]} a6 {[%emt 0:02:43]} 31. Nc3 {[%emt 0:00:09]} Qe3 {[%emt 0:00:39]} 32. Qxe3 {[%emt 0:00:48]} Bxe3 {[%emt 0:00:02]} 33. Rb8 {[%emt 0:02:49]} g5 {[%emt 0:01:05]} 34. Na4 {[%emt 0:02:49]} Rdf8 {[%emt 0:00:25]} 35. Nb6 {[%emt 0:03:17]} Bd7 {[%emt 0:00:09]} 36. Nxd7 {[%emt 0:00:26]} Rxd7 {[%emt 0:00:09]} 37. Rxf8+ {[%emt 0:00:15]} Kxf8 {[%emt 0:00:01]} 38. Rb1 {[%emt 0:00:11]} g4 {[%emt 0:00:54]} 39. fxg4 {[%emt 0:01:52]} hxg4 {[%emt 0:00:36]} 40. Rb7 {[%emt 0:00:26]} Rxb7 {[%emt 0:32:03]} 41. Nxb7 {[%emt 0:30:06]} Ke7 {[%emt 0:00:05]} 42. Na5 {[%emt 0:00:29]} Kf6 {[%emt 0:00:00]} 43. Kd3 {[%emt 0:00:00]} Bh6 {[%emt 0:00:00]} 44. Nc6 {[%emt 0:00:00]} Bc1 {[%emt 0:00:00]} 45. a4 {[%emt 0:00:00]} Ba3 {[%emt 0:00:00]} 46. h3 {[%emt 0:00:00]} Kg5 {[%emt 0:00:00]} 47. hxg4 {[%emt 0:00:00]} Kf6 {[%emt 0:00:00]} 48. g5+ {[%emt 0:00:00]} Kf7 {[%emt 0:00:00]} 49. Ke2 {[%emt 0:00:00]} Bb2 {[%emt 0:00:00]} 50. Kf3 {[%emt 0:00:00]} Bc1 {[%emt 0:00:00]} 51. Kg4 {[%emt 0:00:00]} Bd2 {[%emt 0:00:00]} 52. Kf5 {[%emt 0:00:00]} Be1 {[%emt 0:00:00]} 53. Nb8 {[%emt 0:00:00]} a5 {[%emt 0:00:00]} 54. Nc6 {[%emt 0:00:00]} Bd2 {[%emt 0:00:00]} 55. g6+ {[%emt 0:00:00]} 1-0

[Event "Condigne Dutch Open 2018"]
[Site "Dieren"]
[Date "2018.07.28"]
[Round "5"]
[White "Van Osch, Mees"]
[Black "Krysa, Leandro"]
[Result "0-1"]
[WhiteElo "2324"]
[BlackElo "2533"]
[Annotator "ChessBase"]
[PlyCount "144"]
[EventDate "2018.07.24"]
[EventType "swiss"]
[EventCountry "NED"]
[SourceTitle "playchess.com"]
[Source "ChessBase"]
[SourceQuality "1"]
[TimeControl "40/5400+30:1800+30"]

1. e4 {[%emt 0:00:00]} e5 {[%emt 0:00:08]} 2. Nf3 {[%emt 0:00:00]} Nc6 {[%emt 0:00:08]} 3. Nc3 {[%emt 0:00:00]} Nf6 {[%emt 0:00:13]} 4. Bb5 {[%emt 0:00:00]} Bc5 {[%emt 0:01:01]} 5. O-O {[%emt 1:32:30]} O-O {[%emt 0:02:11]} 6. Nxe5 {[%emt 0:00:00]} Nxe5 {[%emt 0:00:28]} 7. d4 {[%emt 0:00:00]} Bd6 {[%emt 0:00:18]} 8. f4 {[%emt 0:00:00]} Neg4 {[%emt 0:01:51]} 9. h3 {[%emt 0:00:00]} Bb4 {[%emt 0:14:49]} 10. hxg4 {[%emt 0:00:00]} Bxc3 {[%emt 0:00:52]} 11. bxc3 {[%emt 0:00:00]} Nxe4 {[%emt 0:00:03]} 12. Bd3 {[%emt 0:00:00]} d5 {[%emt 0:02:42]} 13. Bxe4 {[%emt 0:00:00]} dxe4 {[%emt 0:00:06]} 14. f5 {[%emt 0:00:00]} Qh4 {[%emt 0:07:35]} 15. Qe2 {[%emt 0:00:00]} Re8 {[%emt 0:02:57]} 16. Be3 {[%emt 0:00:00]} Bd7 {[%emt 0:09:59]} 17. Bf2 {[%emt 0:00:00]} Qg5 {[%emt 0:04:37]} 18. Be3 {[%emt 0:00:00]} Bb5 {[%emt 0:06:48]} 19. Bxg5 {[%emt 0:00:00]} Bxe2 {[%emt 0:00:43]} 20. Rf4 {[%emt 0:00:00]} Bc4 {[%emt 0:06:41]} 21. Bh4 {[%emt 0:00:00]} h6 {[%emt 0:03:36]} 22. a3 {[%emt 0:00:00]} f6 {[%emt 0:04:35]} 23. Bg3 {[%emt 0:00:00]} Re7 {[%emt 0:05:47]} 24. Rb1 {[%emt 0:00:00]} b6 {[%emt 0:04:51]} 25. Re1 {[%emt 0:00:00]} e3 {[%emt 0:00:24]} 26. Rf3 {[%emt 0:00:00]} e2 {[%emt 0:01:16]} 27. Kf2 {[%emt 0:00:00]} Rae8 {[%emt 0:09:58]} 28. Bf4 {[%emt 0:00:24]} Kf7 {[%emt 0:00:28]} 29. g3 {[%emt 0:00:29]} Rd8 {[%emt 0:03:14]} 30. Re3 {[%emt 0:00:27]} Rdd7 {[%emt 0:02:10]} 31. Rb1 {[%emt 0:00:51]} Rxe3 {[%emt 0:01:51]} 32. Kxe3 {[%emt 0:00:16]} Re7+ {[%emt 0:00:25]} 33. Kf2 {[%emt 0:00:19]} Ke8 {[%emt 0:00:13]} 34. Ke1 {[%emt 0:01:42]} Kd7 {[%emt 0:00:30]} 35. Rb4 {[%emt 0:00:04]} Bd5 {[%emt 0:00:39]} 36. c4 {[%emt 0:01:48]} a5 {[%emt 0:01:46]} 37. Rb3 {[%emt 0:04:07]} Bxc4 {[%emt 0:00:03]} 38. Re3 {[%emt 0:00:06]} Rf7 {[%emt 0:00:53]} 39. d5 {[%emt 0:01:15]} Kd8 {[%emt 0:02:30]} 40. Re4 {[%emt 0:02:39]} b5 {[%emt 0:30:18]} 41. a4 {[%emt 0:06:53]} Bxd5 {[%emt 0:00:00]} 42. Rd4 {[%emt 0:14:46]} Rd7 {[%emt 0:00:00]} 43. axb5 {[%emt 0:00:14]} Bf3 {[%emt 0:00:00]} 44. Be3 {[%emt 0:00:12]} a4 {[%emt 0:00:00]} 45. Rxd7+ {[%emt 0:00:09]} Kxd7 {[%emt 0:00:00]} 46. Bc5 {[%emt 0:00:02]} Ke8 {[%emt 0:00:00]} 47. c4 {[%emt 0:00:17]} Bxg4 {[%emt 0:00:00]} 48. Bb4 {[%emt 0:00:09]} h5 {[%emt 0:00:00]} 49. c5 {[%emt 0:01:51]} Kd7 {[%emt 0:00:45]} 50. c6+ {[%emt 0:00:39]} Ke8 {[%emt 0:00:58]} 51. Kf2 {[%emt 0:00:20]} Bxf5 {[%emt 0:00:09]} 52. Kxe2 {[%emt 0:00:03]} g5 {[%emt 0:00:15]} 53. Kd2 {[%emt 0:10:41]} h4 {[%emt 0:00:28]} 54. gxh4 {[%emt 0:00:03]} gxh4 {[%emt 0:00:04]} 55. Ba5 {[%emt 0:00:13]} Kd8 {[%emt 0:01:39]} 56. b6 {[%emt 0:02:42]} cxb6 {[%emt 0:00:12]} 57. Bxb6+ {[%emt 0:00:03]} Ke7 {[%emt 0:01:20]} 58. Bf2 {[%emt 0:00:33]} h3 {[%emt 0:00:16]} 59. Bg3 {[%emt 0:00:02]} Bc8 {[%emt 0:00:51]} 60. Kc3 {[%emt 0:00:25]} Ke6 {[%emt 0:00:18]} 61. Kb4 {[%emt 0:00:27]} Kf5 {[%emt 0:00:35]} 62. Kxa4 {[%emt 0:00:06]} Kg4 {[%emt 0:00:45]} 63. Bh2 {[%emt 0:00:03]} Kf3 {[%emt 0:00:47]} 64. Kb5 {[%emt 0:01:31]} Kg2 {[%emt 0:00:04]} 65. Bd6 {[%emt 0:00:11]} h2 {[%emt 0:00:07]} 66. Bxh2 {[%emt 0:00:07]} Kxh2 {[%emt 0:00:04]} 67. Kb6 {[%emt 0:00:05]} Bg4 {[%emt 0:02:02]} 68. c7 {[%emt 0:00:07]} Kg3 {[%emt 0:00:19]} 69. Kc5 {[%emt 0:00:07]} Kf4 {[%emt 0:00:29]} 70. Kd4 {[%emt 0:00:04]} Bc8 {[%emt 0:00:22]} 71. Kd3 {[%emt 0:00:11]} Ke5 {[%emt 0:00:11]} 72. Ke3 {[%emt 0:00:07]} Kd6 {[%emt 0:00:05]} 0-1

[Event "Condigne Dutch Open 2018"]
[Site "Dieren"]
[Date "2018.07.28"]
[Round "5"]
[White "De Boer, Eelke"]
[Black "Anurag, Mhamal"]
[Result "*"]
[WhiteElo "2317"]
[BlackElo "2484"]
[Annotator "ChessBase"]
[PlyCount "49"]
[EventDate "2018.07.24"]
[EventType "swiss"]
[EventCountry "NED"]
[SourceTitle "playchess.com"]
[Source "ChessBase"]
[SourceQuality "1"]
[TimeControl "40/5400+30:1800+30"]

1. e4 {[%emt 0:00:00]} e5 {[%emt 0:00:26]} 2. Nf3 {[%emt 0:00:00]} Nc6 {[%emt 0:00:05]} 3. Bb5 {[%emt 0:00:00]} a6 {[%emt 0:01:00]} 4. Ba4 {[%emt 0:00:00]} Nf6 {[%emt 0:00:04]} 5. O-O {[%emt 0:00:00]} Be7 {[%emt 0:00:04]} 6. d3 {[%emt 0:00:05]} b5 {[%emt 1:31:51]} 7. Bb3 {[%emt 0:00:05]} d6 {[%emt 0:00:03]} 8. a3 {[%emt 0:00:09]} Na5 {[%emt 1:31:37]} 9. Ba2 {[%emt 0:00:08]} c5 {[%emt 0:00:20]} 10. Nc3 {[%emt 0:00:15]} Be6 {[%emt 0:00:17]} 11. Bg5 {[%emt 0:00:15]} Nc6 {[%emt 0:04:16]} 12. Bxf6 {[%emt 1:35:03]} Bxf6 {[%emt 1:28:30]} 13. Nd5 {[%emt 1:35:02]} O-O {[%emt 0:00:49]} 14. c3 {[%emt 0:02:29]} g6 {[%emt 0:05:11]} 15. Qd2 {[%emt 0:12:20]} Rc8 {[%emt 0:22:45]} 16. a4 {[%emt 0:08:20]} Rb8 {[%emt 0:06:36]} 17. axb5 {[%emt 0:04:49]} axb5 {[%emt 0:00:05]} 18. Bb3 {[%emt 0:02:17]} Bxd5 {[%emt 0:02:50]} 19. Bxd5 {[%emt 0:02:24]} Ne7 {[%emt 0:00:08]} 20. Bb3 {[%emt 0:02:23]} Ra8 {[%emt 0:12:43]} 21. Qh6 {[%emt 0:26:08]} d5 {[%emt 0:07:26]} 22. Ng5 {[%emt 0:05:44]} Bxg5 {[%emt 0:00:04]} 23. Qxg5 {[%emt 0:00:04]} Rxa1 {[%emt 0:35:17]} 24. Rd1 {[%emt 0:33:27] Rb1Rxb1 [%clk 0:33:20]} Qd6 {[%emt 0:01:04]} 25. Rxa1 {[%emt 0:00:00]} *

[Event "Condigne Dutch Open 2018"]
[Site "Dieren"]
[Date "2018.07.28"]
[Round "5"]
[White "De Boer, Eelke"]
[Black "Anurag, Mhamal"]
[Result "1/2-1/2"]
[WhiteElo "2317"]
[BlackElo "2484"]
[Annotator "ChessBase"]
[PlyCount "87"]
[EventDate "2018.07.24"]
[EventType "swiss"]
[EventCountry "NED"]
[SourceTitle "playchess.com"]
[Source "ChessBase"]
[SourceQuality "1"]
[TimeControl "40/5400+30:1800+30"]

1. e4 {[%emt 0:00:00]} e5 {[%emt 0:00:26]} 2. Nf3 {[%emt 0:00:00]} Nc6 {[%emt 0:00:05]} 3. Bb5 {[%emt 0:00:00]} a6 {[%emt 0:01:00]} 4. Ba4 {[%emt 0:00:00]} Nf6 {[%emt 0:00:04]} 5. O-O {[%emt 0:00:00]} Be7 {[%emt 0:00:04]} 6. d3 {[%emt 0:00:05]} b5 {[%emt 0:01:11]} 7. Bb3 {[%emt 0:00:05]} d6 {[%emt 0:00:03]} 8. a3 {[%emt 0:00:09]} Na5 {[%emt 0:00:14]} 9. Ba2 {[%emt 0:00:08]} c5 {[%emt 0:00:20]} 10. Nc3 {[%emt 0:00:15]} Be6 {[%emt 0:00:17]} 11. Bg5 {[%emt 0:00:15]} Nc6 {[%emt 0:04:16]} 12. Bxf6 {[%emt 0:00:31]} Bxf6 {[%emt 0:00:06]} 13. Nd5 {[%emt 0:00:07]} O-O {[%emt 0:00:49]} 14. c3 {[%emt 0:02:29]} g6 {[%emt 0:05:11]} 15. Qd2 {[%emt 0:12:20]} Rc8 {[%emt 0:22:45]} 16. a4 {[%emt 0:08:20]} Rb8 {[%emt 0:06:36]} 17. axb5 {[%emt 0:04:49]} axb5 {[%emt 0:00:05]} 18. Bb3 {[%emt 0:02:17]} Bxd5 {[%emt 0:02:50]} 19. Bxd5 {[%emt 0:02:24]} Ne7 {[%emt 0:00:08]} 20. Bb3 {[%emt 0:02:23]} Ra8 {[%emt 0:12:43]} 21. Qh6 {[%emt 0:26:08]} d5 {[%emt 0:07:26]} 22. Ng5 {[%emt 0:05:44]} Bxg5 {[%emt 0:00:04]} 23. Qxg5 {[%emt 0:00:04]} Rxa1 {[%emt 0:19:42]} 24. Rxa1 {[%emt 0:00:07]} Qd6 {[%emt 0:01:04]} 25. exd5 {[%emt 0:11:29]} Nxd5 {[%emt 0:00:04]} 26. d4 {[%emt 0:00:15]} Nf4 {[%emt 0:02:32]} 27. Qxe5 {[%emt 0:02:55]} Qxe5 {[%emt 0:00:08]} 28. dxe5 {[%emt 0:00:04]} c4 {[%emt 0:02:11]} 29. Bc2 {[%emt 0:00:41]} Rd8 {[%emt 0:00:25]} 30. Rd1 {[%emt 0:07:23]} Rxd1+ {[%emt 0:01:53]} 31. Bxd1 {[%emt 0:00:05]} Nd3 {[%emt 0:04:55]} 32. b3 {[%emt 0:03:00]} cxb3 {[%emt 0:00:31]} 33. Bxb3 {[%emt 0:00:07]} Nc1 {[%emt 0:00:02]} 34. Bc2 {[%emt 0:01:48]} Ne2+ {[%emt 0:00:14]} 35. Kf1 {[%emt 0:00:04]} Nxc3 {[%emt 0:00:03]} 36. Ke1 {[%emt 0:00:14]} Kf8 {[%emt 0:02:06]} 37. Kd2 {[%emt 0:00:08]} b4 {[%emt 0:03:23]} 38. Kd3 {[%emt 0:04:27]} Ke7 {[%emt 0:01:26]} 39. Bb3 {[%emt 0:00:15]} f6 {[%emt 0:00:32]} 40. f4 {[%emt 0:01:56]} g5 {[%emt 0:30:02]} 41. fxg5 {[%emt 0:13:51]} fxg5 {[%emt 0:00:00]} 42. Kc4 {[%emt 0:01:47]} Ne2 {[%emt 0:00:00]} 43. Kxb4 {[%emt 0:01:08]} Nf4 {[%emt 0:00:00]} 44. Bc2 {[%emt 0:02:16]} 1/2-1/2

[Event "Condigne Dutch Open 2018"]
[Site "Dieren"]
[Date "2018.07.28"]
[Round "5"]
[White "Van Dael, Siem"]
[Black "Wiersma, Eelke"]
[Result "1-0"]
[WhiteElo "2212"]
[BlackElo "2346"]
[Annotator "NA"]
[PlyCount "57"]
[EventDate "2018.07.24"]
[EventType "swiss"]
[EventCountry "NED"]
[SourceTitle "playchess.com"]
[Source "ChessBase"]
[SourceQuality "1"]
[TimeControl "40/5400+30:1800+30"]

1. e4 {[%emt 0:00:00]} d6 {[%emt 0:00:08]} 2. d4 {[%emt 0:00:00]} Nf6 {[%emt 0:00:07]} 3. Nc3 {[%emt 0:00:00]} g6 {[%emt 0:00:11]} 4. Be3 {[%emt 0:00:00]} a6 {[%emt 0:00:07]} 5. a4 {[%emt 0:00:04]} Bg7 {[%emt 0:00:35]} 6. f3 {[%emt 0:00:47]} O-O {[%emt 0:01:17]} 7. Qd2 {[%emt 0:00:47]} e5 {[%emt 0:09:38]} 8. Nge2 {[%emt 0:02:25]} exd4 {[%emt 0:07:33]} 9. Nxd4 {[%emt 0:00:21]} Nc6 {[%emt 0:00:14]} 10. Be2 {[%emt 0:02:34]} Re8 {[%emt 0:09:33]} 11. O-O {[%emt 0:01:08]} d5 {[%emt 0:08:36]} 12. Nxc6 {[%emt 0:02:07]} bxc6 {[%emt 0:00:34]} 13. Rad1 {[%emt 0:03:05]} Be6 {[%emt 0:03:35]} 14. Bd4 {[%emt 0:25:09]} Qe7 {[%emt 0:07:05]} 15. Qe3 {[%emt 0:09:57]} Bf8 {[%emt 0:06:10]} 16. b4 {[%emt 0:23:04]} Nd7 {[%emt 0:02:08]} 17. Rb1 {[%emt 0:06:39]} a5 {[%emt 0:10:11]} 18. exd5 {[%emt 0:02:16]} cxd5 {[%emt 0:00:05]} 19. b5 {[%emt 0:00:55]} Qh4 {[%emt 0:05:49]} 20. g3 {[%emt 0:01:43]} Qh3 {[%emt 0:00:48]} 21. Qf2 {[%emt 0:02:15]} Bd6 {[%emt 0:02:10]} 22. f4 {[%emt 0:02:16]} h5 {[%emt 0:00:48]} 23. Bf3 {[%emt 0:00:54]} Qf5 {[%emt 0:00:07]} 24. h4 {[%emt 0:02:04]} Rad8 {[%emt 0:00:42]} 25. Nd1 {[%emt 0:00:37]} Nf6 {[%emt 0:04:56]} 26. Ne3 {[%emt 0:01:24]} Ne4 {[%emt 0:00:04]} 27. Nxf5 {[%emt 0:00:17]} Nxf2 {[%emt 0:00:04]} 28. Nxd6 {[%emt 0:00:06]} Nh3+ {[%emt 0:00:05]} 29. Kh2 {[%emt 0:00:09]} 1-0

[Event "Condigne Dutch Open 2018"]
[Site "Dieren"]
[Date "2018.07.28"]
[Round "5"]
[White "Floor, Dirk"]
[Black "Bosboom, Manuel"]
[Result "1/2-1/2"]
[WhiteElo "2196"]
[BlackElo "2403"]
[Annotator "NA"]
[PlyCount "56"]
[EventDate "2018.07.24"]
[EventType "swiss"]
[EventCountry "NED"]
[SourceTitle "playchess.com"]
[Source "ChessBase"]
[SourceQuality "1"]
[TimeControl "40/5400+30:1800+30"]

1. e4 {[%emt 0:00:00]} g6 {[%emt 0:00:25]} 2. d4 {[%emt 0:00:00]} Bg7 {[%emt 0:00:06]} 3. Nc3 {[%emt 0:00:11]} c6 {[%emt 0:00:30]} 4. Be3 {[%emt 0:03:02]} d5 {[%emt 0:02:59]} 5. Qd2 {[%emt 0:01:49]} h5 {[%emt 0:11:34]} 6. Nf3 {[%emt 0:05:27]} Nh6 {[%emt 0:01:09]} 7. Bd3 {[%emt 0:04:20]} dxe4 {[%emt 0:18:35]} 8. Bxe4 {[%emt 0:02:37]} Nd7 {[%emt 0:04:00]} 9. O-O-O {[%emt 0:05:49]} Nf6 {[%emt 0:01:50]} 10. Bd3 {[%emt 0:01:17]} Bg4 {[%emt 0:05:46]} 11. Be2 {[%emt 0:03:22]} Bxf3 {[%emt 0:07:23]} 12. Bxf3 {[%emt 0:00:30]} Nf5 {[%emt 0:00:18]} 13. h3 {[%emt 0:08:51]} Qa5 {[%emt 0:12:07]} 14. g4 {[%emt 0:05:51]} Nd6 {[%emt 0:05:00]} 15. a3 {[%emt 0:09:51]} O-O-O {[%emt 0:05:22]} 16. Qe2 {[%emt 0:10:06]} hxg4 {[%emt 0:07:13]} 17. hxg4 {[%emt 0:01:09]} Nd5 {[%emt 0:01:50]} 18. Bd2 {[%emt 0:08:23]} Nxc3 {[%emt 0:03:05]} 19. Bxc3 {[%emt 0:00:12]} Qg5+ {[%emt 0:03:38]} 20. Bd2 {[%emt 0:01:36]} Qf6 {[%emt 0:00:58]} 21. c3 {[%emt 0:06:12]} e6 {[%emt 0:01:32]} 22. Bg2 {[%emt 0:02:38]} Nb5 {[%emt 0:03:20]} 23. Be3 {[%emt 0:05:54]} Kb8 {[%emt 0:00:28]} 24. Qd2 {[%emt 0:02:38]} Qe7 {[%emt 0:00:25]} 25. Bg5 {[%emt 0:01:12]} f6 {[%emt 0:00:03]} 26. Bf4+ {[%emt 0:00:25]} Ka8 {[%emt 0:00:31]} 27. Rxh8 {[%emt 0:01:38]} Bxh8 {[%emt 0:00:24]} 28. Bg3 {[%emt 0:01:58]} f5 {[%emt 0:03:59]} 1/2-1/2

[Event "Condigne Dutch Open 2018"]
[Site "Dieren"]
[Date "2018.07.28"]
[Round "5"]
[White "Pols, Wiggert"]
[Black "Rajesh, V A V"]
[Result "0-1"]
[WhiteElo "2177"]
[BlackElo "2309"]
[Annotator "NA"]
[PlyCount "118"]
[EventDate "2018.07.24"]
[EventType "swiss"]
[EventCountry "NED"]
[SourceTitle "playchess.com"]
[Source "ChessBase"]
[SourceQuality "1"]
[TimeControl "40/5400+30:1800+30"]

1. e4 {[%emt 0:00:00]} e5 {[%emt 0:00:18]} 2. d4 {[%emt 0:00:00]} exd4 {[%emt 0:00:51]} 3. c3 {[%emt 0:00:00]} d3 {[%emt 0:01:28]} 4. Bxd3 {[%emt 0:00:00]} Nc6 {[%emt 0:00:04]} 5. Nf3 {[%emt 0:01:02]} d6 {[%emt 0:00:10]} 6. h3 {[%emt 0:00:40]} Nf6 {[%emt 0:01:01]} 7. Nbd2 {[%emt 0:01:55]} g6 {[%emt 0:00:15]} 8. O-O {[%emt 0:00:51]} Bg7 {[%emt 0:00:07]} 9. Nd4 {[%emt 0:03:03]} Bd7 {[%emt 0:02:13]} 10. f4 {[%emt 0:00:42]} O-O {[%emt 0:00:18]} 11. N2f3 {[%emt 0:00:42]} Re8 {[%emt 0:01:09]} 12. Qc2 {[%emt 0:01:15]} Nxd4 {[%emt 0:09:55]} 13. cxd4 {[%emt 0:00:41]} Bc6 {[%emt 0:00:05]} 14. Re1 {[%emt 0:07:58]} d5 {[%emt 0:04:55]} 15. e5 {[%emt 0:00:38]} Ne4 {[%emt 0:00:08]} 16. b4 {[%emt 0:02:09]} Qd7 {[%emt 0:01:26]} 17. Be3 {[%emt 0:04:40]} a5 {[%emt 0:01:11]} 18. a3 {[%emt 0:05:35]} Bf8 {[%emt 0:01:56]} 19. Rab1 {[%emt 0:01:48]} Ba4 {[%emt 0:00:28]} 20. Qc1 {[%emt 0:07:49]} axb4 {[%emt 0:02:50]} 21. axb4 {[%emt 0:00:06]} Bb5 {[%emt 0:00:19]} 22. Bc2 {[%emt 0:01:21]} Ra6 {[%emt 0:02:10]} 23. Qb2 {[%emt 0:06:00]} Rea8 {[%emt 0:01:29]} 24. Ra1 {[%emt 0:01:10]} Rxa1 {[%emt 0:07:07]} 25. Rxa1 {[%emt 0:00:05]} Rxa1+ {[%emt 0:00:24]} 26. Qxa1 {[%emt 0:00:03]} Qc6 {[%emt 0:00:10]} 27. Bxe4 {[%emt 0:16:04]} dxe4 {[%emt 0:00:03]} 28. Nh4 {[%emt 0:00:33]} Be7 {[%emt 0:02:33]} 29. Qe1 {[%emt 0:01:57]} Qc2 {[%emt 0:01:51]} 30. Qg3 {[%emt 0:05:20]} Qd1+ {[%emt 0:03:30]} 31. Kh2 {[%emt 0:00:07]} Qh5 {[%emt 0:04:49]} 32. Bf2 {[%emt 0:00:09]} Bd7 {[%emt 0:00:34]} 33. Be1 {[%emt 0:04:15]} h6 {[%emt 0:01:32]} 34. Qf2 {[%emt 0:02:18]} Qd1 {[%emt 0:01:41]} 35. g4 {[%emt 0:08:01]} h5 {[%emt 0:08:25]} 36. f5 {[%emt 0:03:59]} e3 {[%emt 0:06:56]} 37. Qxe3 {[%emt 0:01:59]} hxg4 {[%emt 0:00:06]} 38. fxg6 {[%emt 0:02:45]} Qc2+ {[%emt 0:01:13]} 39. Qf2 {[%emt 0:05:06]} Qxf2+ {[%emt 0:00:49]} 40. Bxf2 {[%emt 0:00:04]} gxh3 {[%emt 0:30:20]} 41. gxf7+ {[%emt 0:34:43]} Kxf7 {[%emt 0:00:07]} 42. d5 {[%emt 0:00:26]} Bg4 {[%emt 0:00:29]} 43. Be1 {[%emt 0:02:28]} b5 {[%emt 0:04:10]} 44. e6+ {[%emt 0:00:00]} Kg7 {[%emt 0:00:00]} 45. Bg3 {[%emt 0:00:00]} Kh6 {[%emt 0:00:00]} 46. Bf4+ {[%emt 0:00:00]} Kh5 {[%emt 0:00:00]} 47. Bxc7 {[%emt 0:00:00]} Bxh4 {[%emt 0:00:00]} 48. Bd6 {[%emt 0:00:00]} Kg6 {[%emt 0:00:00]} 49. Bc5 {[%emt 0:00:00]} Be1 {[%emt 0:00:00]} 50. Bf8 {[%emt 0:00:00]} Kf6 {[%emt 0:00:00]} 51. Bd6 {[%emt 0:00:00]} Bf5 {[%emt 0:00:00]} 52. Bc5 {[%emt 0:00:00]} Ke5 {[%emt 0:00:00]} 53. e7 {[%emt 0:00:00]} Bd7 {[%emt 0:00:00]} 54. d6 {[%emt 0:00:00]} Kd5 {[%emt 0:00:00]} 55. e8=Q {[%emt 0:00:00]} Bxe8 {[%emt 0:00:00]} 56. Kxh3 {[%emt 0:00:00]} Bd7+ {[%emt 0:00:00]} 57. Kg2 {[%emt 0:00:00]} Kc4 {[%emt 0:00:00]} 58. Be3 {[%emt 0:00:13]} Bxb4 {[%emt 0:00:00]} 59. Kf2 {[%emt 0:01:25]} Kd3 {[%emt 0:00:00]} 0-1